Proglas
| Main Authors: | , , , , , , |
|---|---|
| Other Authors: | , |
| Format: | Book |
| Language: | Slovak Macedonian Slavic languages |
| PhysicalDescription: | 79 s. fotogr., ilustr. 31 cm |
| Published: |
Martin
Slovenská národná knižnica
2013
|
| ISBN: | 9788081490125 |
| Edition: | [1. vyd.] |
| Subjects: |
MARC
| LEADER | 00000cam a2200000 a 4500 | ||
|---|---|---|---|
| 001 | vtls010524416 | ||
| 003 | SK-MaSNL | ||
| 005 | 20260302050333.0 | ||
| 008 | 240314s2013 xo ao e 000 p slo | ||
| 015 | |a SNBA2013/07 | ||
| 020 | |a 9788081490125 |q (viaz) | ||
| 035 | |a A278BA33-6D0A-4F16-9DC0-8EE57A76E035 | ||
| 035 | |a urn:nbn:sk:snk-amjys3 | ||
| 035 | |a urn:nbn:sk:snk-am00809o | ||
| 040 | |a SNK |b slo |c SNK |e AACR2 | ||
| 041 | 1 | |a slo |a mac |h sla | |
| 044 | |a xo |c SK | ||
| 072 | 7 | |a 821-97 |x Náboženská literatúra. Duchovná literatúra |2 konspekt | |
| 080 | |a 821.163.1 |2 2001 | ||
| 080 | |a 27-29 |2 2001 | ||
| 080 | |a (0:82-141) |2 2001 | ||
| 080 | |a 811.163.3'25 |2 2001 | ||
| 080 | |a 821-141 |2 2001 | ||
| 080 | |a (0.072) |2 2001 | ||
| 100 | 0 | |a Cyril, |c svätý, |d 827-869 |4 aut |9 126082 | |
| 245 | 1 | 0 | |a Proglas |c Konštantín Filozof - sv. Cyril ; [texty a úvod Cyril Vasiľ ... [et al.] ; báseň Proglas preložil Eugen Paulíny ; prebásnil Viliam Turčány ; preklad do macedónčiny a zostavenie Stojan Lekoski ; fotografie Goce Angličin Žura] |
| 246 | 1 | 1 | |a Proglasz |
| 250 | |a [1. vyd.] | ||
| 260 | |a Martin |b Slovenská národná knižnica |c 2013 | ||
| 300 | |a 79 s. |b fotogr., ilustr. |c 31 cm | ||
| 546 | |a Súbež. názov a text aj v macedónčine | ||
| 650 | 0 | 7 | |a staroslovienska literatúra |2 SNKPH |9 1482 |
| 650 | 0 | 7 | |a kresťanská literatúra |2 SNKPH |9 1742 |
| 650 | 0 | 7 | |a Church slavic literature |2 SNKPHeng |9 300648 |
| 650 | 0 | 7 | |a Christian literature |2 SNKPHeng |9 275813 |
| 650 | 0 | 7 | |a preklady z macedónčiny |2 SNKPH |9 78629 |
| 650 | 0 | 7 | |a Translations from Macedonian |2 SNKPHeng |9 704653 |
| 655 | 7 | |a slovanská poézia |2 SNKPH |9 86795 | |
| 655 | 7 | |a Slavic poetry |2 SNKPHeng |9 367262 | |
| 655 | 7 | |a Religious poetry |2 SNKPHeng |9 303340 | |
| 655 | 7 | |a náboženská poézia |2 SNKPH |9 70686 | |
| 655 | 7 | |a Annotated editions |2 SNKPHeng |9 279301 | |
| 655 | 7 | |a komentované vydanie |2 SNKPH |9 70501 | |
| 700 | 1 | |a Vasiľ, Cyril, |d 1965- |4 aut |4 aui |9 226431 | |
| 700 | 1 | |a Pauliny, Eugen, |d 1912-1983 |4 trl |9 101485 | |
| 700 | 1 | |a Angeličin Žura, Goce, |d 1951-2019 |4 pht |9 213497 | |
| 700 | 1 | |a Turčány, Viliam, |d 1928-2021 |4 aut |4 trl |9 102025 | |
| 700 | 1 | |a Križka, Teodor, |d 1956- |4 aut |9 206539 | |
| 700 | 1 | |a Kučera, Matúš, |d 1932-2022 |4 aut |9 228571 | |
| 700 | 1 | |a Lekoski, Stojan, |d 1955- |4 aut |4 trl |4 com |9 133317 | |
| 700 | 0 | |a Metod, |c svätý, |d asi 815-885 |4 aut |9 162985 | |
| 787 | 0 | 8 | |i Súvisiace dielo: |t Proglas |d Bratislava : Vydavateľstvo Spolku slovenských spisovateľov, 2021 |z 9788082021502 |
| 852 | |a Štátna vedecká knižnica v Banskej Bystrici | ||
| 919 | |a 978-80-8149-012-5 | ||
| 958 | |a OP | ||
| 968 | |b SR | ||
| 999 | |c 1096751 |d 1098681 | ||
| 952 | |a SNK |b SNK |y VYP |7 0 |p 17A1104373 |o snkSB 85205 D2 |i snk2014/4164 |8 7 |0 0 |1 0 |4 0 |d 2014-02-11 |l 0 |r 2026-02-24 17:17:40 |w 2026-02-24 | ||
| 952 | |a SNK |b SNK |y PREZ |7 0 |p 17A1073828 |o snkSB 85205 |i snk2013/15255 |8 0 |0 0 |1 0 |4 0 |d 2013-07-02 |f 1 |l 0 |r 2025-05-09 00:00:00 |w 2026-02-24 | ||
| 952 | |a SNK |b SNK |y VYP |7 0 |p 17A1073827 |o snkSB 85205 D1 |i snk2013/15256 |8 0 |0 0 |1 0 |4 0 |d 2013-07-02 |l 0 |r 2016-06-30 00:00:00 |w 2026-02-24 | ||


